000 00721nam a2200289Ia 4500
005 20250425162220.0
008 250425s9999 xx 000 0 und d
020 _a9706863672
041 _aspa
043 _amx
082 _a158.7
100 _aHELLRIEGEL, DON
245 0 _aCOMPORTAMIENTO ORGANIZACIONAL
250 _a10A ED.
260 _aMEXICO
260 _aMéxico
_bTHOMSON
_c2004
300 _a460
500 _aTítulo Traducido: ORGANIZATIONAL BEHAVIOR
650 _aCOMPORTAMIENTO ORGANIZACIONAL
650 _aLIDERAZGO
650 _aORGANIZACION
650 _aTOMA DE DECISIONES
700 _aADOLFO DERAS QUIÑONES
_etraductor
710 _aTHOMSON
942 _c01
010 _a57241
999 _c224680
_d224680